000 00309nam a22001337a 4500
008 170411b xxu||||| |||| 00| 0 eng d
020 _a9780781770378
041 _aeng
080 _23RD
_a612.39
100 _a10
101 _aSHM
245 _aSPORTS AND EXERCISE NUTRITION
_cMCARDLE, W.D
942 _2udc
_cBK
999 _c10439
_d10439